[Event "Baku Open 2018"]
[Site "Baku"]
[Date "2018.11.28"]
[Round "5"]
[White "Gasanov, Eldar"]
[Black "Mgeladze, Tamaz"]
[Result "1-0"]
[WhiteElo "2502"]
[BlackElo "2395"]
[Annotator "TA"]
[PlyCount "79"]
[EventDate "2018.11.24"]
[EventType "swiss"]
[EventCountry "AZE"]
[SourceTitle "playchess.com"]
[Source "ChessBase"]
[SourceQuality "1"]

{[%evp 9,79,28,55,35,25,35,31,0,0,0,10,0,43,19,14,24,35,16,26,20,27,10,22,16,40,3,84,85,93,98,122,124,120,114,120,126,183,184,207,222,437,438,643,664,623,388,368,124,127,109,635,625,600,412,384,363,565,575,620,446,381,348,887,954,5018,5014,2545,2319,29991,29992,29992,29993]} 1. d4 Nf6 2. g3 g6 3. Bg2 Bg7 4. e4 d6 5. Ne2 Nc6 6. d5 $146 {B06: Modern Defence} ({Predecessor:} 6. O-O O-O 7. Nbc3 e5 8. dxe5 dxe5 9. Qxd8 Rxd8 10. Bg5 Be6 11. Nd5 Bxd5 12. exd5 Nd4 13. Nxd4 exd4 14. Rad1 {½-½ (14) Matlakov,M (2676)-Solovjov,S (2381) St Petersburg 2013}) 6... Ne5 7. f4 Ned7 8. Nbc3 {White is slightly better.} c6 9. Be3 O-O 10. h3 a5 11. a4 cxd5 12. exd5 Nc5 13. O-O e6 14. dxe6 Bxe6 15. Nd4 Bc4 16. Re1 Rc8 17. b3 Be6 (17... Ba6 $1 $11) 18. Qd2 $16 Qd7 19. Nxe6 Nxe6 20. Rad1 $36 {[%mdl 2048] Black is under strong pressure.} Rfe8 21. Nb5 d5 22. c4 d4 (22... Nc5 $16) 23. Nxd4 $18 ({Don't take} 23. Bxd4 $6 Nxd4 24. Nxd4 Rcd8 $16) 23... Nc5 24. Qxa5 b6 $2 {[#]} (24... Bf8 {keeps fighting.} 25. Nc6 b6) 25. Qxb6 Rxe3 (25... Nfe4 $142 26. Nc2 Qe7) 26. Rxe3 Nh5 27. Kh2 Bxd4 28. Re4 $2 (28. a5 $18 {is more deadly.}) 28... Bg1+ $16 29. Rxg1 Nxe4 $4 {[%mdl 8192]} (29... Qd3 $16 30. Re7 Qxg3+ 31. Kh1 Nxf4) 30. Bxe4 $18 Re8 31. Qc6 Qe7 32. Bf3 Ng7 (32... Rb8 $142 33. Bxh5 gxh5) 33. a5 Nf5 34. a6 Nd4 35. Qb7 Qe3 $2 (35... Nxf3+ 36. Qxf3 Qa7) 36. Bd5 Kg7 37. Qxf7+ Kh6 38. a7 {[#] White threatens g4 and mate.} Re7 39. Qf8+ Rg7 40. a8=Q {Accuracy: White = 58%, Black = 37%.} 1-0

[Event "Baku Open 2018"]
[Site "Baku"]
[Date "2018.11.28"]
[Round "5"]
[White "Sibashvili, Giorgi"]
[Black "Bayramov, Elkhan"]
[Result "1/2-1/2"]
[WhiteElo "2438"]
[BlackElo "2133"]
[Annotator "TA"]
[PlyCount "92"]
[EventDate "2018.11.24"]
[EventType "swiss"]
[EventCountry "AZE"]
[SourceTitle "playchess.com"]
[Source "ChessBase"]
[SourceQuality "1"]

{[%evp 15,92,6,57,10,47,20,31,23,25,8,112,91,95,64,71,79,85,74,93,106,207,215,233,239,237,238,359,391,392,256,545,522,514,212,209,194,196,186,193,186,164,160,193,164,333,0,0,0,0,0,122,116,181,170,178,16,16,0,0,0,0,0,0,0,0,0,0,0,0,0,0,0,0,0,0,0,0,0,0]} 1. d4 f5 2. Nc3 d5 3. Bg5 c6 4. e3 Qb6 5. a3 Nd7 6. Bd3 {A80: Dutch Defence: Unusual White second moves} e6 7. Nge2 Ngf6 (7... h6 8. Bf4 Ngf6 9. O-O Be7 10. Na4 Qd8 11. b3 b5 12. Nb2 a6 13. c4 {0-1 (27) Ponomariov,R (2744)-Nakamura,H (2741) Moscow 2010}) 8. O-O Be7 {LiveBook: 3 Games} (8... Bd6 $11) 9. b4 $146 ({Predecessor:} 9. Na4 Qa5 10. b3 h6 11. Bxf6 Nxf6 12. c4 O-O 13. Nf4 {1-0 (53) Cooksey,P (2273)-Zeidler,S (2274) England 2012}) 9... a5 10. b5 a4 11. bxc6 bxc6 12. Nf4 Nf8 (12... Kf7 $11 {keeps the balance.}) 13. Nce2 Ng6 14. Nxg6 hxg6 15. c4 $36 {[%mdl 2048] Keeping Black busy.} Qc7 {[%csl Gh8][%cal Rc7h2]} 16. h3 Kf7 17. Qc2 Rh5 (17... Ba6 $16 {was worth a try.}) 18. Bxf6 $1 $18 gxf6 19. cxd5 $1 exd5 20. Nf4 {[%cal Be2f4,Bf4d5,Bd5b6][%mdl 32]} Rg5 {[#]} (20... Rh8 $142 21. Nxd5 {[%mdl 64] Pin} Qd6) 21. Nxd5 $1 {[%mdl 512]} Qd6 (21... cxd5 22. Qxc7) 22. Nb6 f4 $2 (22... Rb8) 23. h4 (23. Nxa8 Bxh3 24. g3 fxe3 $16) 23... Rg4 24. f3 (24. Nxa8 $142 fxe3 25. Nb6 Qxd4 26. Qc4+ (26. Nxc8 Rxg2+ {[%mdl 64] Decoy} 27. Kxg2 Qg4+ {[%mdl 64] Double Attack} 28. Kh2 Qxh4+ 29. Kg2 Qg4+ {[%mdl 64] Double Attack} 30. Kh2 Qh4+ 31. Kg1 Qg4+ 32. Kh2 Qh4+ $11) 26... Be6 27. Qxd4 Rxd4 28. Bc2 (28. fxe3 Rxd3 29. Rfc1 Bd6 $16)) 24... Rxh4 25. Qf2 (25. Bxg6+ Kg7 $11) 25... f5 {[%cal Bf6f5,Bf5f4][%mdl 32] Strongly threatening ...fxe3.} 26. Nxa8 fxe3 27. Qxe3 Bf6 28. Bc4+ Kg7 29. Rad1 $1 Qg3 $2 (29... Rxd4 {might work better.} 30. Nc7 Bd7) 30. Rd3 $2 ({Better is} 30. Qe8 $18 Rh2 31. Rf2) 30... f4 $1 $11 {[%cal Rf4e3]} 31. Qe8 {[%mdl 64] Double Attack} Rh2 $1 {[%csl Gh2][%cal Rg3g2]} 32. Rf2 Qh4 {[#]} (32... Bh3 $1 $11 {remains equal.} 33. Qe2 Bf5) 33. Kf1 $1 $16 Rh1+ (33... Bh3 $16 34. Qg8+ (34. Qxc6 $2 Bxg2+ 35. Ke1 Bh3 $19) 34... Kh6) 34. Ke2 $18 Rc1 {[#]} 35. Qg8+ $2 ({Worse is} 35. Qxc8 Rc2+ 36. Rd2 Rxd2+ 37. Kxd2 Qxf2+ 38. Kc1 Qxd4 $11) ({White has to play} 35. Rf1 $1 $18 {[%cal Rf1c1]} Rxf1 36. Kxf1 Qh1+ 37. Ke2 Qxg2+ 38. Kd1) 35... Kh6 $11 {White must now prevent ...Rc2+.The position is equal.} 36. Rf1 Rxf1 37. Kxf1 Bf5 38. Qf8+ Bg7 39. Qe8 Qh1+ 40. Ke2 Qxg2+ 41. Ke1 {And now Qe2 would win.} Qc2 42. Qe7 $1 {[%cal Re7h4]} g5 43. Rd1 {Be2 is the strong threat.} Qxc4 44. Nc7 $1 Qc3+ 45. Ke2 Qc4+ ({Stronger than} 45... Bxd4 46. Rh1+ Bh3 47. Rxh3+ Kg6 48. Qh7+ Kf6 49. Rh6+ Ke5 50. Re6#) 46. Ke1 $1 Qc3+ {Accuracy: White = 69%, Black = 26%.} 1/2-1/2

[Event "Baku Open 2018"]
[Site "Baku"]
[Date "2018.11.28"]
[Round "5"]
[White "Aliyev, Ravan"]
[Black "Sanikidze, Tornike"]
[Result "1-0"]
[WhiteElo "2351"]
[BlackElo "2512"]
[Annotator "TA"]
[PlyCount "99"]
[EventDate "2018.11.24"]
[EventType "swiss"]
[EventCountry "AZE"]
[SourceTitle "playchess.com"]
[Source "ChessBase"]
[SourceQuality "1"]

{[%evp 14,99,39,13,34,16,44,44,87,46,44,43,69,46,50,65,73,68,71,64,172,170,154,159,231,227,397,388,393,390,379,371,555,525,960,945,928,910,2192,589,581,612,612,612,600,597,574,544,712,696,888,727,727,714,681,711,702,684,638,602,601,575,601,587,582,574,605,552,592,564,549,558,670,659,657,659,821,815,1009,983,1326,1287,1202,1170,29987,29988,29990,29991]} 1. d4 Nf6 2. c4 e6 3. Nc3 Nc6 4. Nf3 Bb4 5. Qc2 d6 6. a3 Bxc3+ 7. Qxc3 Qe7 8. e3 {LiveBook: 4 Games. E33: Nimzo-Indian: Classical: 4...Nc6} (8. g3 e5 9. d5 Nb8 10. Bg2 O-O 11. O-O c6 12. dxc6 Nxc6 13. b3 Be6 14. a4 Rfd8 15. Ba3 Qc7 {1-0 (52) Wang,H (2729)-Fressinet,L (2717) Dubai 2014}) 8... a5 9. b3 e5 10. Bb2 {[%cal Rd4e5] White is slightly better.} e4 $146 ({Predecessor:} 10... Ne4 11. Qc2 f5 12. Bd3 exd4 13. Nxd4 Nxd4 14. Bxd4 {½-½ (36) Jedynak,R (2453)-Dobrowolski,P (2396) Lubniewice 2003}) 11. Nd2 O-O 12. h3 Ne8 13. O-O-O f5 14. f4 exf3 15. gxf3 Nf6 16. Rg1 g6 (16... f4 $14) 17. Re1 $18 Qg7 18. Bd3 Qh6 (18... b6 $16 19. Be2 Nb8) 19. Bc2 Qxh3 $2 (19... a4 20. b4 (20. bxa4 Qxh3 21. d5 Ne5 $14) 20... Qxh3) 20. Rh1 Qg3 21. Reg1 Qf2 22. d5 Ne5 (22... Ne7 {was necessary.} 23. e4 Qc5) 23. f4 Nf3 24. Nxf3 Qxf3 25. Qe1 Ng4 {[#]} 26. Rg3 (26. Rxg4 $142 $1 {[%mdl 512] Threatens to win with Rxh7.} fxg4 (26... Qxg4 27. Bd1) 27. Rxh7) 26... Qf2 {[#]} 27. Qc3 $1 {[%csl Gb2][%cal Rc3g7][%mdl 512]} Nf6 {[#]} 28. Rgh3 $1 {[%cal Rh3h7] Strongly threatening Rxh7!} h5 29. R3h2 Qg3 30. Qd2 Kf7 {intending ...Ng4.} 31. Rh3 Ne4 {next ...Qxh3 is good for Black.} 32. Bxe4 Qxh3 33. Rxh3 fxe4 34. Rh2 Bf5 35. Qc3 Ke7 36. Qg7+ Rf7 37. Qh6 Kd7 38. Rg2 Rg8 39. Bd4 b6 40. Kb2 Kc8 41. Rg1 Kb7 42. b4 {[%cal Bb3b4,Bb4c5,Bc5c6][%mdl 32]} a4 43. Ka1 Rd7 44. Qg5 Rf8 45. c5 dxc5 46. bxc5 Rxd5 47. Qe7 Rc8 48. Rb1 Rd7 49. Qf6 Rh7 50. c6+ {Precision: White = 80%, Black = 31%.} 1-0

[Event "Baku Open 2018"]
[Site "Baku"]
[Date "2018.11.28"]
[Round "5"]
[White "Suleymanli, Aydin"]
[Black "Safarli, Eltaj"]
[Result "0-1"]
[WhiteElo "2313"]
[BlackElo "2671"]
[Annotator "TA"]
[PlyCount "112"]
[EventDate "2018.11.24"]
[EventType "swiss"]
[EventCountry "AZE"]
[SourceTitle "playchess.com"]
[Source "ChessBase"]
[SourceQuality "1"]

{[%evp 25,112,-35,-33,-116,-119,-111,-105,-105,-111,-112,-104,-102,-60,-60,-60,-60,-52,-102,-90,-96,-106,-102,-102,-101,-105,-139,-124,-123,-126,-141,-135,-141,-130,-177,-137,-136,-136,-137,-137,-137,-130,-132,-129,-129,-124,-127,-128,-128,-128,-161,-170,-170,-164,-169,-152,-143,-108,-116,-102,-118,-116,-503,-508,-509,-499,-457,-427,-422,-381,-419,-396,-537,-524,-528,-533,-512,-484,-578,-523,-743,-712,-760,-762,-745,-722,-816,-696,-1626,-1660]} 1. d4 Nf6 2. c4 g6 3. Nc3 d5 4. cxd5 Nxd5 5. e4 Nxc3 6. bxc3 Bg7 7. Bc4 c5 8. Ne2 Nc6 {[%cal Bb8c6,Bc6a5,Ba5c4,Bc4e3][%mdl 32]} 9. Be3 O-O 10. O-O Na5 11. Bd3 b6 12. Rc1 e5 13. d5 f5 $1 {LiveBook: 6 Games. D87: Exchange Grünfeld: Classical Line: Variations without ...cxd4} 14. f4 (14. f3 $15) (14. f3 f4 15. Bd2 c4 16. Bc2 g5 17. g3 Bf6 18. Kh1 Be7 19. gxf4 gxf4 20. Rg1+ Kh8 21. Bxf4 exf4 {1-0 (31) Krasenkow,M (2628)-Nedilko,V (2396) Warsaw 2012}) 14... fxe4 $17 15. Bxe4 {[#]} Nc4 $1 {[%cal Rc4e3] Black is better.} 16. Qd3 Nxe3 17. Qxe3 {[#] Black must now prevent fxe5.} Qd6 $1 18. fxe5 Qxe5 $146 {Hoping for ...Ba6.} ({Predecessor:} 18... Rxf1+ 19. Rxf1 Bxe5 20. Nf4 Ba6 21. Rf2 {1-0 (74) Andre,G (2363)-Krassowizkij,J (2356) Bonn 2011}) 19. Rxf8+ Bxf8 20. Qf4 Bd6 21. Rf1 Ba6 $36 {[%mdl 2048] Black is really pushing.} 22. Qf7+ Kh8 23. Qf6+ Qxf6 24. Rxf6 Rd8 25. Bf3 Kg7 26. Re6 Bc4 27. a3 Kf7 28. g3 Bb8 29. Rc6 Bxd5 30. Bxd5+ Rxd5 $19 {[%mdl 4096] Endgame KRB-KRN} 31. Rc8 Be5 32. Kf2 Rd7 33. Ke3 Ke6 34. a4 Re7 {aiming for ...Bxg3!} 35. Kd3 Kd7 36. Rf8 Kc6 37. Rf1 Kb7 38. Nc1 Rd7+ 39. Kc4 Bg7 40. Re1 Ka6 41. Nb3 Rf7 42. Re3 Bf8 43. a5 $2 {[%mdl 8192]} (43. Re2 $17) 43... b5+ 44. Kd5 Rd7+ 45. Kc6 Rd6+ 46. Kc7 Rf6 47. Re1 c4 48. Nd2 Rf7+ {Black is clearly winning.} 49. Kc6 Re7 50. Ne4 {Intending Nc5+ and mate.} Re5 51. Re2 Ba3 52. Re1 Kxa5 53. Ra1 Ka4 54. Nd2 Re3 55. Nb1 b4 56. Kc5 {intending cxb4.} Rxc3 {Accuracy: White = 56%, Black = 87%.} 0-1

[Event "Baku Open 2018"]
[Site "Baku"]
[Date "2018.11.28"]
[Round "5"]
[White "Abbasov, Amil"]
[Black "Asadli, Vugar"]
[Result "0-1"]
[WhiteElo "2176"]
[BlackElo "2471"]
[Annotator "TA"]
[PlyCount "64"]
[EventDate "2018.11.24"]
[EventType "swiss"]
[EventCountry "AZE"]
[SourceTitle "playchess.com"]
[Source "ChessBase"]
[SourceQuality "1"]

{[%evp 15,64,17,28,0,10,-7,10,0,0,0,0,-13,1,0,0,0,0,-7,0,-33,-14,-15,-22,-15,-20,-16,-8,-32,-34,-70,-53,-104,-104,-266,-279,-242,-252,-394,-429,-420,-268,-286,-137,-187,-177,-584,-579,-29993,-29994,-29995,-29996]} 1. e4 e5 2. Nf3 Nc6 3. Bc4 Nf6 4. d3 Bc5 5. c3 d6 6. Nbd2 a6 7. Bb3 O-O 8. O-O Be6 9. Bc2 {C54: Giuoco Piano: 4 c3 Nf6, main lines with 5 d4 and 5 d3} d5 10. Qe2 Re8 11. h3 {The position is equal.} h6 12. Re1 Qd7 $146 ({Predecessor:} 12... Bf8 13. exd5 Qxd5 14. Ne4 Nxe4 15. dxe4 Qb5 16. Bd3 Qa4 17. Bc2 Qb5 18. Bd3 Qa4 19. Bc2 Qb5 {½-½ (19) Gelfand,B (2758)-Aronian,L (2786) Moscow 2009}) 13. Nf1 Rad8 14. Ng3 d4 15. Nh4 Kh8 16. Qf3 Ng8 17. Nhf5 Bf8 {And now ...g6 would win.} 18. Ne2 g6 19. Nfg3 Bg7 20. Bd2 Nge7 21. Nf1 Rf8 22. Qg3 f5 $36 {[%mdl 2048] Black is more active.} 23. cxd4 ({Better is} 23. exf5 $15 Nxf5 24. Qh2) 23... f4 $17 ({Much less strong is} 23... exd4 24. Qh4 $15) 24. Qf3 $2 (24. Qh2 $17 {keeps fighting.} Nxd4 25. Nxd4 Qxd4 26. Bc3) 24... exd4 $19 {White must now prevent ...Ne5.} ({Not} 24... Nxd4 25. Nxd4 Qxd4 26. Bc3 $15) 25. Nxf4 g5 26. Nxe6 (26. Qg3 $142 gxf4 27. Bxf4) 26... Rxf3 27. Nxd8 Ne5 28. Nxb7 {[#]} Rf8 (28... Qc6 $1 $19 {has better winning chances. ...Rf8 is the strong threat.} 29. Bb3 Qxb7 30. gxf3 Nxf3+ {[%mdl 64] Double Attack} 31. Kg2 Nh4+ 32. Kh2 Be5+ 33. f4 gxf4) 29. Nc5 {[#]} Nf3+ $1 30. gxf3 $2 (30. Kh1 {nothing else works.} Qb5 31. gxf3 Qxc5 32. Bd1) 30... Qxh3 {( -> ...Ng6)} 31. e5 Ng6 32. Re4 {[#]} Rf4 $1 {[%mdl 512] Accuracy: White = 33%, Black = 59%.} 0-1

[Event "Baku Open 2018"]
[Site "Baku"]
[Date "2018.11.29"]
[Round "6"]
[White "Safarli, Eltaj"]
[Black "Guseinov, Gadir"]
[Result "1/2-1/2"]
[WhiteElo "2671"]
[BlackElo "2664"]
[Annotator "TA"]
[PlyCount "36"]
[EventDate "2018.11.24"]
[EventType "swiss"]
[EventCountry "AZE"]
[SourceTitle "playchess.com"]
[Source "ChessBase"]
[SourceQuality "1"]

{[%evp 17,36,0,1,-4,0,0,0,0,0,0,16,11,11,12,0,0,6,11,13,10,10]} 1. e4 c5 2. Nf3 g6 3. g3 Bg7 4. Bg2 Nc6 5. O-O Nf6 6. d3 O-O 7. Nc3 d6 8. h3 Rb8 9. a4 a6 {[%cal Ba7a6,Ba6b5,Bb5b4][%mdl 32] The position is equal.} 10. Bg5 {B25: Closed Sicilian: 3 g3, lines without early Be3} b5 11. axb5 axb5 12. Qd2 b4 13. Nd5 e6 (13... Re8 {is interesting.} 14. Rfe1 Be6 15. Nf4 Bd7 16. Nd5 Be6) 14. Nxf6+ Bxf6 15. Bxf6 Qxf6 16. c3 bxc3 $146 ({Predecessor:} 16... e5 17. Ne1 Qe7 {1-0 (53) Keitlinghaus,L (2500)-Mololkin,V (2415) Pardubice 1994}) 17. bxc3 Rb3 18. d4 cxd4 1/2-1/2

[Event "Baku Open 2018"]
[Site "Baku"]
[Date "2018.11.29"]
[Round "6"]
[White "Popov, Ivan"]
[Black "Demianjuk, Alexander"]
[Result "0-1"]
[WhiteElo "2590"]
[BlackElo "2332"]
[Annotator "TA"]
[PlyCount "54"]
[EventDate "2018.11.24"]
[EventType "swiss"]
[EventCountry "AZE"]
[SourceTitle "playchess.com"]
[Source "ChessBase"]
[SourceQuality "1"]

{[%evp 10,54,13,1,27,24,54,47,39,29,62,34,43,34,37,41,54,33,24,0,2,-36,-37,-33,-35,-43,-48,-31,0,0,0,0,0,-8,0,-28,-24,-70,-125,-462,-279,-29993,-29994,-29995,-29996,-29996,-29997]} 1. e4 c5 2. Nf3 e6 3. b3 a6 4. Bb2 Nc6 5. c4 Qc7 (5... Nf6 6. e5 Ng4 7. h3 Nh6 8. g4 d6 9. Bg2 dxe5 10. Nxe5 Nxe5 11. Bxe5 f6 12. Bb2 Nf7 13. d4 cxd4 14. Qxd4 {0-1 (32) Onischuk,V (2637)-Svidler,P (2765) Riadh 2017}) 6. g3 {LiveBook: 36 Games. B40: Sicilian: 2...e6, Unusual lines} h5 $146 ({Predecessor:} 6... Nf6 7. e5 Ng4 8. Qe2 b5 9. h3 Nh6 10. Na3 Bb7 11. Bg2 Nd4 12. Bxd4 cxd4 13. Nc2 bxc4 14. Qxc4 Qxc4 15. bxc4 {0-1 (59) Vaibhav,S (2558)-Perunovic,M (2606) Biel 2017}) 7. Bg2 b5 8. d3 {White is slightly better.} Nge7 9. O-O Ng6 10. cxb5 axb5 11. d4 cxd4 12. Nxd4 b4 13. a4 Nxd4 14. Qxd4 e5 15. Qe3 Bc5 $1 {[%cal Rc5e3]} 16. Rc1 d6 {[%cal Bd7d6,Bd6c5][%mdl 32]} 17. Qe1 h4 18. Qxb4 hxg3 (18... Rb8 $5 {[%cal Rb8b4]} 19. Rxc5 dxc5 $11) 19. hxg3 Rb8 20. Rxc5 $1 dxc5 (20... Rxb4 $2 {too greedy.} 21. Rxc7 Kd8 22. Rxf7 $18) 21. Qc3 $1 Bh3 {Hoping for ...Bxg2.} 22. Bxh3 Rxh3 23. Na3 Qd7 (23... Qc8 $15 24. Nc4 Qg4 25. Nxe5 (25. Nd6+ $2 Kf8 $19) 25... Qxe4) 24. Nb5 $2 {[%mdl 8192]} (24. Nc4 $17 {was the crucial defense.} Qg4 25. Nxe5 (25. Nd6+ $2 Kf8 $19) 25... Qxe4 26. Qf3 Qxf3 27. Nxf3) 24... Qg4 {Strongly threatening ...Rd8.} 25. Qxc5 $2 {[#]} (25. Nd6+ $19 Kf8 26. Qc4) 25... Qf3 $1 {[%csl Gf3][%cal Rh3h1] Black mates.} 26. Nd6+ Kf8 {[%csl Gf3][%cal Rh3h1]} 27. Nxf7+ Kg8 {Precision: White = 41%, Black = 58%.} (27... Kxf7 $2 28. Qd5+ Ke7 29. Qc5+ Kf6 {[#]} 30. Bxe5+ $1 {[%mdl 512]} Nxe5 31. Qd6+ Kf7 32. Qd5+ Ke7 33. Qxe5+ Kf7 34. Qd5+ Kg6 35. Qe6+ Qf6 36. Qg4+ Kf7 37. Rd1 $19) 0-1

[Event "Baku Open 2018"]
[Site "Baku"]
[Date "2018.11.29"]
[Round "6"]
[White "Fier, Alexandr"]
[Black "Haussernot, Cecile"]
[Result "1-0"]
[WhiteElo "2553"]
[BlackElo "2196"]
[Annotator "TA"]
[PlyCount "63"]
[EventDate "2018.11.24"]
[EventType "swiss"]
[EventCountry "AZE"]
[SourceTitle "playchess.com"]
[Source "ChessBase"]
[SourceQuality "1"]

{[%evp 24,63,62,49,127,142,140,125,142,145,216,203,283,270,268,272,237,212,369,358,382,333,435,437,447,431,485,469,670,663,687,682,677,674,656,626,976,916,1437,1425,1331,1286]} 1. e4 c5 2. Nf3 d6 3. d4 cxd4 4. Nxd4 Nf6 5. Nc3 a6 6. f3 e5 7. Nb3 Be6 8. Be3 Be7 9. Qd2 Nbd7 10. g4 b5 {[%cal Bb7b5,Bb5b4][%mdl 32]} 11. a4 {[%cal Ba2a4,Ba4a5][%mdl 32] B90: Sicilian Najdorf: Unusual White 6th moves, 6 Be3 Ng4 and 6 Be3 e5} (11. g5 b4 12. Ne2 Nh5 13. Ng3 Nf4 14. Bxf4 exf4 15. Nh5 O-O 16. h4 Ne5 17. Qxf4 Qc7 18. O-O-O Rfc8 {1-0 (34) Aronian,L (2767)-Vachier Lagrave,M (2779) Saint Louis 2018}) 11... b4 12. Nd5 Bxd5 13. exd5 {LiveBook: 14 Games. White is slightly better.} Nb6 {[#]} ({Black should play} 13... h6 $14) 14. a5 $1 $16 {[%cal Ra5b6]} Nbd7 15. O-O-O O-O $146 ({Predecessor:} 15... Qb8 16. h4 O-O 17. h5 Ne8 18. g5 Nc5 19. g6 Nxb3+ 20. cxb3 Qc7+ 21. Kb1 Qxa5 22. Bh3 Kh8 23. h6 fxg6 24. Be6 Bf6 25. Qh2 {1-0 (25) Marin,S (2326)-Herrera Perez,M (1958) Santander 2012}) 16. Qxb4 Rb8 {[#]} (16... Qc7 $16 {was called for.}) 17. Qa4 $1 $18 Nc5 18. Nxc5 dxc5 19. d6 ({Weaker is} 19. Bxa6 Ra8 $16) 19... Bxd6 {[#]} 20. Bxc5 $1 {[%mdl 512]} Bxc5 $2 (20... Ne8 21. Ba7 (21. Bxa6 e4 $18) 21... Ra8) 21. Rxd8 Rfxd8 22. Bxa6 Be3+ 23. Kb1 {White is clearly winning.} Nd5 24. Bb5 Nc7 25. Bc4 Bd2 (25... Bd4 $142 26. b3 Nd5 27. Bxd5 Rxd5) 26. Rd1 Rd4 27. Qc6 Bxa5 28. Rxd4 exd4 29. Qd7 Ne6 30. Bxe6 fxe6 31. Qxe6+ Kh8 32. Qe5 {[%mdl 64] Double Attack. Accuracy: White = 100%, Black = 13%.} 1-0

[Event "Baku Open 2018"]
[Site "Baku"]
[Date "2018.11.29"]
[Round "6"]
[White "Sanikidze, Tornike"]
[Black "Gasimov, Parviz"]
[Result "1/2-1/2"]
[WhiteElo "2512"]
[BlackElo "2303"]
[Annotator "TA"]
[PlyCount "99"]
[EventDate "2018.11.24"]
[EventType "swiss"]
[EventCountry "AZE"]
[SourceTitle "playchess.com"]
[Source "ChessBase"]
[SourceQuality "1"]

{[%evp 11,99,25,41,0,0,0,0,0,0,0,0,0,11,0,18,12,25,23,29,35,29,37,31,29,35,33,37,37,38,35,36,37,45,45,82,28,29,20,35,0,7,0,0,-29,-18,-15,14,15,22,14,31,24,45,0,7,0,0,-22,9,-2,161,178,149,46,43,0,0,0,0,0,0,-56,-52,-16,0,0,0,0,0,0,0,0,0,0,0,0,0,0,0,0]} 1. e4 c5 2. Nf3 Nc6 3. Bb5 Nf6 4. Qe2 e5 (4... g6 5. O-O Bg7 6. c3 O-O 7. h3 e5 8. d3 d6 9. a4 h6 10. Nbd2 Na5 11. Bc4 Nh5 12. Nb3 Nxc4 13. dxc4 Be6 14. Be3 Qe8 15. Nh2 {0-1 (45) Andriasian,Z (2621)-Zhigalko,S (2671) Tallinn 2016}) 5. c3 d6 6. O-O {B30: Sicilian: 2...Nc6 3 Bb5, lines without ...g6} Bd7 {LiveBook: 7 Games} 7. d3 Be7 8. Rd1 O-O 9. Nbd2 Re8 10. Nf1 a6 $146 ({Predecessor:} 10... Bf8 11. Bg5 h6 12. Bh4 a6 13. Ba4 b5 {0-1 (37) Frilli,G (2142)-Lanzani,M (2352) Saint Vincent 2004}) 11. Ba4 Bf8 12. Bb3 Be6 13. Bxe6 Rxe6 (13... fxe6 {is more complex.} 14. h3 h6 15. b4 d5 16. a3 b5) 14. Bg5 Be7 15. Bxf6 Bxf6 16. Ne3 g6 17. Nd5 Bg7 18. Qc2 Re8 19. Qb3 Rb8 20. a4 Ne7 21. Nd2 Nxd5 22. Qxd5 Qd7 23. Nc4 (23. a5 $16) 23... b5 $1 $11 {[%cal Rb5c4]} 24. axb5 (24. Qxd6 $2 Qxd6 25. Nxd6 Red8 $19) 24... axb5 25. Ne3 (25. Qxd6 $2 Qxd6 26. Nxd6 Red8 $17) 25... Bh6 26. Nc2 {[%cal Be3c2,Bc2a3,Ba3c4][%mdl 32]} b4 27. Ra6 bxc3 28. bxc3 Rb2 29. Na3 {White wants to play Nc4.} Reb8 {[#] Strongly threatening ...Qg4.} 30. h3 Qe7 31. Rf1 ({But not} 31. Rxd6 {[#]} Rxf2 $3 {[%mdl 512]} 32. Nc4 (32. Kxf2 $2 {is the wrong capture.} Rb2+ 33. Kg1 Qg5 $19) (32. Qxc5 $2 Rf6 $19) 32... Qh4 $17) 31... R2b6 32. Ra5 Rb3 33. Nc4 Rxc3 34. Ra6 Rbb3 35. Rd1 Rc1 $2 (35... Bf8 $11) 36. Rxc1 $18 Bxc1 37. Ra8+ ({Resist} 37. Nxd6 Rb1 $16) (37. Rxd6 $16 Rb1 38. Kh2) 37... Kg7 $14 38. Nxd6 Rb1 $1 $36 {[%cal Rc1f4][%mdl 2048] Black has some pressure.} 39. g3 {Kg2 is the strong threat.} Be3+ $1 40. Kg2 {Black must now prevent Ne8+.} Rb2 41. h4 ({White should play} 41. Ne8+ $11 Kh6 42. Ra2 Rxa2 43. Qxa2) 41... Rxf2+ $15 42. Kh3 $1 Kh6 {The position is equal.} 43. Ra6 {aiming for Nf5+.} Kg7 44. Nc8 Qe8 45. Nd6 Qe7 46. Nc8 Qe8 (46... Qc7 $5 47. Nd6 $8 Qe7 $11) 47. Nd6 Qe7 {Threatens to win with ...h5.} 48. Nc8 Qe8 49. Nd6 Qe7 {And now ...h5 would win.} 50. Nc8 {Accuracy: White = 57%, Black = 49%.} 1/2-1/2